Quizzes
Events
Quiz Creation
Community
Videos
Private Events
Remove Ads
Sign In
Join for FREE
Feedback
Dark Mode
Quiz Categories
Sports
Geography
Music
Movies
Television
Just For Fun
Miscellaneous
History
Literature
Language
Science
Gaming
Entertainment
Religion
Holiday
For Kids
Quiz Lab
Recent
Popular Today
Quiz Kudos Today
Editor Picks
Curator Picks
Quizzes by...
Day
Popularity
Type
Ratings
Length
Year
Community
Subscriptions
Recent Discussions
Orange Saloon
Badges
Playlists
Quests
Create
Leaderboards
Showdown
Live 5
Trivia Bingo
Activity
Puzzle Library
Sporcle Events
Private Events
Virtual Trivia
Globe League
Become a Host
Pub Owners
SporcleCon
Opinionation
Our Games
Videos
Blog
Mobile Apps
Partnerships
Remove Ads and Go Orange
Feedback
Television
TV Characters
TV Show
Sitcom
Network
Friends
Reality Shows
Cast
South Park
Star Trek
The Simpsons
Doctor Who
Television
TV Characters
TV Show
Sitcom
Network
Friends
Reality Shows
Cast
South Park
Star Trek
The Simpsons
Doctor Who
Random Quiz
Search Sporcle
×
Quiz Lab
Quiz Lab
Television
TV Show
Type in answers that appear in a list
Type in answers that appear in a list
Classic
Best Score? Go Orange.
TV Show by opening narration Stats
Can you name the TV Show by opening narration
By
Rotom_493
6m
15 Questions
122 Plays
122 Plays
122 Plays
Comments
Comments
Give Quiz Kudos
Give Quiz Kudos
-
- Ratings
hide this ad
Random Order
Randomize order of answers
Randomize order of answers
Replay
Link that replays current quiz
Next Quiz
Link to next quiz in quiz playlist
You Got
0%
They Got
Avg Score
35%
Avg Friend Score
Upgrade to see
Score Distribution
Jump to the score distribution portion of the page
Score
0/15
Timer
06:00
0
Plays Today
Line
TV Show
% Correct
Faster than a speeding bullet
Superman
87.7%
Can two divorced men share an apartment without driving each other crazy?
The Odd Couple
74.6%
With the stars Art Carney, Audrey Meadows...
The Honeymooners
49.2%
Starring Barbara Billingsley, Hugh Beaumont, Tony Dow...
Leave it to Beaver
46.7%
It all started when a time travel experiment I was conducting went a little ka-
ka.
Quantum Leap
44.3%
Moments before discovering his wife's body, he encountered a man running from the vicinity of his home. A man with one arm.
The Fugitive
39.3%
Starring Rose Marie, Morrie Amsterdam...
The Dick van Dyke Show
38.5%
They also know us as Kip and Henry, Buffy and Hilde's brothers.
Bosom Buddies
35.2%
Line
TV Show
% Correct
To boldly go where no one has gone before
Star Trek: The Next Generation
27%
Good Evening.
The Alfred Hitchcock Hour
21.3%
At the tone, leave your name and message.
The Rockford Files
19.7%
New York, this is your last chance.
Rhoda
14.8%
It was working like a charm. Until the day he walked in with his blue eyes and mysterious past.
Remington Steele
10.7%
There are those who believe that life here began out there.
Battlestar Galactica
8.2%
I'm not asking you to spy. I'm just asking you to steal.
It Takes a Thief
8.2%
Quiz Playlist
Details
Report
Send in Message
Add To Playlist
Classic:
Type in answers that appear in a list
Random Order:
Randomize order of answers
Last Updated: Feb 16, 2017
Quiz Scoreboard
CHALLENGE
Sign Up to Join the Scoreboard
Show All
Scores
Hide
Comments
May contain spoilers
Recently Published
Presidents Visiting Landmarks
by Hejman
History
7m
An Introduction to Baseball
by treessimontrees
Sports
5m
Movies - When Are They Set?
by FPL_Elf
Movies
5m
More to Explore
Quiz From the Vault
Featured Blog Post
Where Did the Easter Bunny Come From?
hide this ad
You Might Also Like...
Tags
Show Quiz
TV Show Quiz
narration
Today's Top Quizzes in Television
Browse Television
hide this ad
Today's Top Quizzes in TV Show
Browse TV Show
Top Contributed Quizzes in Television
1
5-to-1: The Simpsons Families
2
One Piece Logic Puzzle
3
5-to-1: Television Doctors
4
7-to-1: TV Show Settings
5
5-to-1: Streaming Originals
6
Survivor Logic Puzzle: Heroes vs. Villains
7
Survivor Seasons
8
Survivor Season by Logo
9
One Thing in Common: Television
10
Survivor Trivia
Explore More
Trending Topics
Kpop
Anime
Disney
Crossword
Harry Potter
Marvel
NBA
Country
Song
WWE
The Office
Pokémon
Soccer
NFL
Puzzle
hide this ad
More By:
Rotom_493
Quiz
Plays
Rating
Category
Featured
Created
Jenny's Phone Number
102,682
4.32
Music
Feb 18, 2015
Bible or Shakespeare Character?
16,684
4.61
Literature
Jul 3, 2016
Word Ladder: Perry Mason
7,272
4.23
Just For Fun
Feb 13, 2016
Beatitudes Matching
5,154
5.00
Religion
Apr 12, 2015
Burger Ingredients Sorting
3,878
3.61
Miscellaneous
Dec 5, 2015
Go to Creator's Profile
Score Distribution
Quiz Creator Spotlight
Rotom_493
Follow
Send a Message
Quizzes Created
-
Created Quiz Play Count
-
More By This Creator
Popular Quizzes Today
1
Find the US States - No Outlines Minefield
2
Find the Countries of Europe - No Outlines Minefield
3
The Countries of the World
4
Find the US States
5
Popular People in 1961
6
US States
7
Risky Map Clicking: Biggest States A-Z
8
1-10 Letter E Words III
More Television Quizzes
Julie and the Phantoms Character Crossword I
Quiz Lab
Trending Quizzes
Risky Map Clicking: Least Populous States A-Z
1-10 Letter G Words
1-10 Letter F Words
One Thing in Common: United Kingdom
Risky Map Clicking: Next State Alphabetically
Recently Updated
Leaping Animals
pecheneg
Reality TV Shows (A-Z)
bhenderson79
Rickey Henderson's Hall of Fame Teammates
pecheneg
Champions League XIs: Arsenal
pecheneg
Quick Pick: Celebrities in WWE's Hall of Fame
aduchscher
A-Z Keypad Blitz II
pecheneg
Multiple Oscar Actors
pecheneg
Mystery Phrase Blitz: Oscar 'Best Actors'
pecheneg
F. Scott Fitzgerald Novels
LTH
Pick 3 Villains
ddd62291
Trending Topics
Marvel
Crossword
Anime
NBA
Disney
Harry Potter
Kpop
Pokémon
The Office
NFL
Puzzle
WWE
Country
Song
Soccer
Your Account Isn't Verified!
In order to create a playlist on Sporcle, you need to verify the email address you used during registration. Go to your
Sporcle Settings
to finish the process.
Report this User
Report this user for behavior that violates our
Community Guidelines
.
Details:
Send Report
Go to the Sporcle.com Mobile Site →
Comments